[Event "SUI-ch op"]
[Site "Leukerbad"]
[Date "2007.07.12"]
[Round "1"]
[White "Hedri, Abdelaziz"]
[Black "Williams, Simon Kim"]
[Result "0-1"]
[WhiteElo "2060"]
[BlackElo "2480"]
[PlyCount "64"]
[EventDate "2007.07.12"]
[EventType "swiss"]
[EventRounds "9"]
[EventCountry "SUI"]
[SourceTitle "CBM 119 Extra"]
[Source "ChessBase"]
[SourceDate "2007.09.04"]
[SourceVersion "1"]
[SourceVersionDate "2007.09.04"]
[SourceQuality "1"]

1. e4 e6 2. d4 d5 3. e5 c5 4. c3 Nc6 5. Nf3 Bd7 6. Be2 Nge7 7. Na3 cxd4 8. cxd4 Nf5 9. Nc2 Qb6 10. g4 Nfe7 11. 0-0 h5 12. h3 Na5 13. b3 Bb5 14. Ba3 Bxe2 15. Qxe2 hxg4 16. hxg4 Ng6 17. Bc5 Bxc5 18. dxc5 Qxc5 19. b4 Qc4 20. Qxc4 Nxc4 21. Rfe1 Ke7 22. Ne3 Rac8 23. b5 Nxe3 24. Rxe3 Rc4 25. Nh2 Rhc8 26. Kg2 Rc3 27. Rae1 Nf4+ 28. Kg3 Nd3 29. R1e2 Nxe5 30. f4 d4 31. Rxc3 Rxc3+ 32. Kf2 Nd3+ 0-1